书目信息 |
| 题名: |
影响历史的冤案
|
|
| 作者: | 汤敏 , 胡朝晖 编著 | |
| 分册: | ||
| 出版信息: | 北京 知识出版社 1995.06 |
|
| 页数: | 229页 | |
| 开本: | 32开 | |
| 丛书名: | ||
| 单 册: | ||
| 中图分类: | K209 | |
| 科图分类: | ||
| 主题词: | 中国--通史 | |
| 电子资源: | ||
| ISBN: | 7-5015-5635-0 | |
| 000 | 00586nam0 2200205 45 | |
| 001 | 0011061539 | |
| 005 | 20001106160025.9 | |
| 010 | @a7-5015-5635-0@d8.00元 | |
| 100 | @a20001106d1995 km y0chiy0120 ea | |
| 101 | 0 | @achi |
| 105 | @a z 000yy | |
| 200 | 1 | @a影响历史的冤案@AYing Xiang Li Shi De Yuan An@f汤敏,胡朝晖编著@FTang Min,Hu Zhao Hui Bian Zhu |
| 210 | @a北京@c知识出版社@d1995.06 | |
| 215 | @a229页@d32开 | |
| 606 | 0 | @a中国@x通史 |
| 690 | @aK209@v3 | |
| 701 | 0 | @a汤敏@4编著 |
| 701 | 0 | @a胡朝晖@4编著 |
| 801 | @aCN@bPftUser@c20001106 | |
| 905 | @b199413-417@dK209@eT.480@f5 | |
| 影响历史的冤案/汤敏,胡朝晖编著.-北京:知识出版社,1995.06 |
| 229页;32开 |
| ISBN 7-5015-5635-0:8.00元 |
| ● |
| 相关链接 |
|
|
|
正题名:影响历史的冤案
索取号:K209/T.480
 
预约/预借
| 序号 | 登录号 | 条形码 | 馆藏地/架位号 | 状态 | 备注 |
| 1 | 199413 | 201994137 | 社科库309/309社科库 31排5列6层/ [索取号:K209/T.480] | 在馆 | |
| 2 | 199414 | 201994146 | 自科二线404/400A自科库 4排1列5层/ [索取号:K209/T.480] | 在馆 | |
| 3 | 199415 | 201994155 | 自科二线404/400A自科库 4排1列5层/ [索取号:K209/T.480] | 在馆 | |
| 4 | 199416 | 201994164 | 社科库309/309社科库 31排3列5层/ [索取号:K209/T.480] | 在馆 | |
| 5 | 199417 | 201994173 | 自科二线404/400A自科库 4排1列5层/ [索取号:K209/T.480] | 在馆 |